000 00777nam a2200217 a 4500
001 000028020
005 20250502073820.0
008 110406s1984 dr 000 0 spa d
040 _aDO-SdBNP
_bspa
_cBNPHU
082 _axxx
_bE77r
100 1 _aEsquea Guerrero, Emmanuel
_919539
245 1 3 _aEl regimén de la seguridad social y sus posibles modificaciones /
_cEmmanuel Esquea Guerrero.
260 _aSanto Domingo :
_bONAP,
_c1984.
300 _a15 p. ;
_c21 cm.
490 1 _aSeminarios
_v8
490 1 _aOficina Nacional de Administración de Personal
710 1 _aRepública Dominicana.
_bOficina Nacional de Administración y Personal
_926398
830 0 _aSeminarios
_n8
_937108
830 0 _aOficina Nacional de Administración de Personal
_955063
049 _aBNPD
999 _c27512
_d27512